000
00326nam a22001457a 4500
008
230911b ||||| |||| 00| 0 eng d
020
_a
0080179495
041
_a
eng
080
_2
VOLUME 69
_a
101
082
_a
101GLA
100
_a
44
101
_a
FILOZ
245
_a
THE NEBULAR VARIABLES
_c
GLASBY .S .J
942
_2
udc
_c
BK
999
_c
60304
_d
60304